Biblioteca y Centro de Documentación

Boletín (Registro nro. 25029)

Detalles MARC
000 -CABECERA
Longitud fija campo de control 01353nas a2200349 c 4500
001 - NÚMERO DE CONTROL
Número de control 25029
003 - IDENTIFICADOR DE NÚMERO DE CONTROL
Identificador del número de control ES-MaCES
005 - FECHA Y HORA DE LA ÚLTIMA TRANSACCIÓN
Fecha y hora de la última transacción 20160912111156.0
008 - CAMPO FIJO DE DESCRIPCIÓN FIJA--INFORMACIÓN GENERAL
Códigos de información de longitud fija   931209d1900 sp q| | |spa d
022 1# - ISSN (INTERNATIONAL STANDARD SERIAL NUMBER)
Número Internacional Normalizado para Publicaciones Seriadas 0212-436X
035 ## - NÚMERO DE CONTROL DEL SISTEMA
Número de control del sistema CES19980000099p
Número de control cancelado;no válido 10009
040 ## - FUENTE DE CATALOGACIÓN
Centro catalogador de origen ES-MaCES
Lengua de catalogación spa
Centro transcriptor ES-MaCES
245 00 - MENCIÓN DE TÍTULO
Título Boletín
Nombre de parte o sección de la obra Jurisprudencia laboral y de Seguridad Social
Mención de responsabilidad, etc. Ministerio de Trabajo y Seguridad Social
260 ## - PUBLICACIÓN, DISTRIBUCIÓN, ETC (PIE DE IMPRENTA)
Lugar de publicación, distribución, etc. Madrid (Agustín de Bethencourt, 11, 28003)
Nombre del editor, distribuidor, etc. Centro de Publicaciones, Ministerio de Trabajo y Seguridad Social
300 ## - DESCRIPCIÓN FÍSICA
Extensión v.
Dimensiones 30 cm
310 ## - PERIODICIDAD ACTUAL DE LA PUBLICACIÓN
Periodicidad actual Mensual. Trimestral a partir de: 1994, n. 1 (en.-mar.)
500 ## - NOTA GENERAL
Nota general Descripción basada en: 1992, n. 6 (jun.)
500 ## - NOTA GENERAL
Nota general Tít. tomado de la cub
541 ## - NOTA DE LA FUENTE INMEDIANTE DE ADQUISICIÓN
Forma de adquisición Gratuito
592 ## - CES. NOTA ESTADO DE LA PUBLICACIÓN
Estado publicación Cerrada
650 #4 - ASIENTO SECUNDARIO DE MATERIA--TÉRMINO DE MATERIA
Término de materia o nombre geográfico como elemento inicial legislación de seguridad social
9 (RLIN) 29855
650 #4 - ASIENTO SECUNDARIO DE MATERIA--TÉRMINO DE MATERIA
Término de materia o nombre geográfico como elemento inicial legislación del trabajo
9 (RLIN) 27166
650 #4 - ASIENTO SECUNDARIO DE MATERIA--TÉRMINO DE MATERIA
Término de materia o nombre geográfico como elemento inicial jurisprudencia
9 (RLIN) 28624
650 #4 - ASIENTO SECUNDARIO DE MATERIA--TÉRMINO DE MATERIA
9 (RLIN) 28369
Término de materia o nombre geográfico como elemento inicial relaciones laborales
653 10 - TÉRMINO DE INDEXACIÓN--NO CONTROLADO
Término no controlado Relaciones laborales-Empleo
710 1# - ENCABEZAMIENTO SECUNDARIO--NOMBRE CORPORATIVO
Nombre de entidad o nombre de jurisdicción como elemento inicial España
Unidad subordinada Ministerio de Trabajo y Seguridad Social
9 (RLIN) 3276
853 21 - LEYENDAS Y PATRÓN--UNIDAD BIBLIOGRÁFICA BÁSICA
Segundo nivel de enumeración n.
Primer nivel de cronología año
Segundo nivel de cronología mes
Continuidad en la numeración r
Frecuencia q
866 #0 - FUENTES TEXTUALES--UNIDAD BIBLIOGRÁFICA BÁSICA
Holdings textuales (1992-1996).
Nota pública Ubicación: EXT-2
-- Ubicación: EXT-3
-- Ubicación: EXT-4
905 ## - CES. DATOS REVISTA
Proceso +
942 ## - ELEMENTOS KOHA
Fuente de clasificaión o esquema Clasificación propia del CES
Koha [por defecto] tipo de item Periódicas
Parte de clasificación 2.0.
Existencias
Número de registro Signatura completa Tipo de item de Koha
000510 10009 Periódicas
000509 10009 Periódicas
000511 10009 Periódicas
018063 10009 Periódicas
002609 10009 Periódicas
007212 10009 Periódicas
013171 10009 Periódicas
011467 10009 Periódicas
011331 10009 Periódicas
013172 10009 Periódicas
016037 10009 Periódicas
016410 10009 Periódicas
018272 10009 Periódicas
© CES, Consejo Económico y Social de España 2021